Online Public Access Catalog -OPAC

Acolour Atlas of Pathogenic Fungi (Record no. 2372)

MARC details
000 -LEADER
fixed length control field 00510nam a2200133Ia 4500
008 - FIXED-LENGTH DATA ELEMENTS--GENERAL INFORMATION
fixed length control field 180412s9999||||xx |||||||||||||| ||und||
020 ## - INTERNATIONAL STANDARD BOOK NUMBER
International Standard Book Number 723407444
040 ## - CATALOGING SOURCE
Original cataloging agency Ahmadu Bello University Library - Zaria
100 ## - MAIN ENTRY--PERSONAL NAME
Personal name Bridger, R.C.
245 #0 - TITLE STATEMENT
Title Acolour Atlas of Pathogenic Fungi
Statement of responsibility, etc. by Dorathea Frey.;R.Jowett Oldfield and Ronald C.Bridger
260 ## - PUBLICATION, DISTRIBUTION, ETC.
Name of publisher, distributor, etc. Wolfe Medical Publication Ltd. London
Date of publication, distribution, etc. 1979
300 ## - PHYSICAL DESCRIPTION
Extent 168p.: ill.; pictures
500 ## - GENERAL NOTE
General note Includes Technical Notes appendix & bibliographical references
700 ## - ADDED ENTRY--PERSONAL NAME
Personal name Ronald J.Oldfield

No items available.

Customized by ICT Technical Service Unit on 29th Dec 2022

Kashim Ibrahim Library